Statistiques concernant Pokémon-Toutes les Poké Montures

Cliquez ici pour prendre le quiz!

Statistiques générales

  • Ce quiz a été pris 17 fois
  • Le résultat moyen est 33 sur 49

Statistiques - réponses

JeuPoké Monture% Correct
Let's Go Evoli & Let's Go PikachuDracaufeu
92%
Soleil & LuneDracaufeu
92%
Ecarlate & VioletKoraidon
92%
Let's Go Evoli & Let's Go PikachuLokhlass
92%
X & YLokhlass
92%
Soleil & LuneLokhlass
92%
Ecarlate & VioletMiraidon
92%
Rubis Oméga & Saphir AlphaSharpedo
92%
Soleil & LuneSharpedo
92%
LuneLunala
83%
Ultra-Soleil & Ultra-LuneLunala
83%
X & YRhinocorne
83%
Let's Go Evoli & Let's Go PikachuRhinocorne
83%
Ultra-Soleil & Ultra-LuneSolgaleo
83%
SoleilSolgaleo
83%
Let's Go Evoli & Let's Go PikachuArcanin
75%
Soleil & LuneBourrinos
75%
Rubis OmégaGroudon
75%
Rubis Oméga & Saphir AlphaKyogre
75%
Soleil & LuneMackogneur
75%
Let's Go Evoli & Let's Go PikachuMackogneur
75%
X & YMammochon
75%
Saphir AlphaMéga-Latias
75%
Rubis OmégaMéga-Latios
75%
Let's Go Evoli & Let's Go PikachuRonflex
75%
Soleil & LuneTauros
75%
Let's Go Evoli & Let's Go PikachuTauros
75%
Let's Go Evoli & Let's Go PikachuGalopa
67%
Rubis Oméga & Saphir AlphaMéga-Rayquaza
67%
X & YCabriolaine
58%
X & YChevroum
58%
Let's Go Evoli & Let's Go PikachuDracolosse
58%
Let's Go Evoli & Let's Go PikachuLéviator
58%
Soleil & LuneMastouffe
58%
Let's Go Evoli & Let's Go PikachuOnix
58%
Let's Go Evoli & Let's Go PikachuRhinoféros
58%
Légendes Pokémon ArceusCerbyllin
50%
Légendes Pokémon ArceusFarfurex
50%
Légendes Pokémon ArceusGueriaigle de Hisui
50%
Let's Go Evoli & Let's Go PikachuKangourex
50%
Légendes Pokémon ArceusUrsaking
50%
Rubis Oméga & Saphir AlphaWailmer
50%
Ultra-Soleil & Ultra-LuneDémanta
42%
Légendes Pokémon ArceusParagruel
42%
Let's Go Evoli & Let's Go PikachuPtéra
42%
Let's Go Evoli & Let's Go PikachuPersian
33%
Let's Go Evoli & Let's Go PikachuStaross
33%
Let's Go Evoli & Let's Go PikachuDodrio
25%
Let's Go Evoli & Let's Go PikachuSpectrum
25%

Distribution des résultats

Percentile par nombre de réponses

% des personnes avec chaque résultat

Votre développement - résultats

Vous n’avez pas pris ce quiz